000 00532nam a2200181Ia 4500
999 _c7888
_d7888
003 OSt
005 20200120155022.0
008 190216s9999||||xx |||||||||||||| ||und||
020 _a9788180699290
040 _coclc
082 _a658.45
_bROD/E
100 _aRodriques, M V
_91329
245 0 _aEffective Business Communication /
_cM V Rodriques
260 _bConcept Publishing,
_c2013.
_aNew Delhi:
300 _a404p
650 _aBusiness Communication
942 _cBK
_2ddc
_h658.45
_iROD/E
_k658.45
_mROD/E